Mercedes-Benz (Запись № 614996)

Подробности
000 -МАРКЕР
контрольное поле 02003nam0a2200361 4500
001 - ИДЕНТИФИКАТОР ЗАПИСИ
контрольное поле RU\NLR\bibl\110858
005 - ИДЕНТИФИКАТОР ВЕРСИИ
контрольное поле 20260406002432.0
010 ## - МЕЖДУНАРОДНЫЙ СТАНДАРТНЫЙ НОМЕР КНИГИ (ISBN)
Номер (ISBN) 5-93392-009-6
Тираж 2000
021 ## - НОМЕР ГОСУДАРСТВЕННОЙ РЕГИСТРАЦИИ
Код страны российская федерация
Номер 2000-19197
Номер Листа государственной регистраци 905
035 ## - ДРУГИЕ СИСТЕМНЫЕ НОМЕРА
Идентификатор записи (NLR Aleph) 000108511
100 ## - ДАННЫЕ ОБЩЕЙ ОБРАБОТКИ
Данные общей обработки 20001002d2000 |||y0rusy50 ca
101 0# - ЯЗЫК РЕСУРСА
Язык текста, звукозаписи и т.д. русский
102 ## - СТРАНА ПУБЛИКАЦИИ ИЛИ ПРОИЗВОДСТВА
Страна публикации российская федерация
105 ## - ПОЛЕ КОДИРОВАННЫХ ДАННЫХ: ТЕКСТОВЫЕ МАТЕРИАЛЫ, МОНОГРАФИЧЕСКИЕ
Кодированные данные о монографическом текстовом документе a |||||||||
200 1# - ЗАГЛАВИЕ И СВЕДЕНИЯ ОБ ОТВЕТСТВЕННОСТИ
Основное заглавие Mercedes-Benz
Сведения, относящиеся к заглавию 190, 190E & 190D
-- [1983-1993 Модели с бензиновыми и дизел. двигателями]
-- Ремонт и техн. обслуживание
Первые сведения об ответственности Steve Rendle и Spencer Drayton
210 ## - ПУБЛИКАЦИЯ, РАСПРОСТРАНЕНИЕ И ДР.
Место издания, распространения и т.д. СПб.
Имя издателя, распространителя и т. д. Алфамер Паблишинг
-- Болдосова Л.Г.
Дата издания, распространения и т.д. 2000
215 ## - ФИЗИЧЕСКАЯ ХАРАКТЕРИСТИКА
Специфическое обозначение материала и объем [336] с. разд. паг.
Другие сведения о физической характеристике ил.
Размеры 29
225 1# - СЕРИЯ
Основное заглавие серии Руководства по ослуживанию и ремонту
300 ## - ОБЩИЕ ПРИМЕЧАНИЯ
Текст примечания На обл. авт. не указаны
606 0# - НАИМЕНОВАНИЕ ТЕМЫ КАК ПРЕДМЕТ
Наименование темы Автомобили "Мерседес-Бенц" 190
Формальный подзаголовок Руководства, пособия и т.п.
Тематический подзаголовок Ремонт
Системный номер авторитетной/нормативной записи 2178906
Идентификатор авторитетной/нормативной записи RU\NLR\auth\661310425
606 0# - НАИМЕНОВАНИЕ ТЕМЫ КАК ПРЕДМЕТ
Наименование темы Mercedes-Benz 190, легковые автомобили
Формальный подзаголовок Руководства, пособия и т.п.
Тематический подзаголовок Ремонт
Системный номер авторитетной/нормативной записи 2178908
Идентификатор авторитетной/нормативной записи RU\NLR\auth\661310427
606 0# - НАИМЕНОВАНИЕ ТЕМЫ КАК ПРЕДМЕТ
Наименование темы Автомобили "Мерседес-Бенц" 190
Формальный подзаголовок Руководства, пособия и т.п.
Тематический подзаголовок Техническое обслуживание
Системный номер авторитетной/нормативной записи 2178907
Идентификатор авторитетной/нормативной записи RU\NLR\auth\661310426
606 0# - НАИМЕНОВАНИЕ ТЕМЫ КАК ПРЕДМЕТ
Наименование темы Mercedes-Benz 190, легковые автомобили
Формальный подзаголовок Руководства, пособия и т.п.
Тематический подзаголовок Техническое обслуживание
Системный номер авторитетной/нормативной записи 2178910
Идентификатор авторитетной/нормативной записи RU\NLR\auth\661310428
686 ## - ИНДЕКСЫ ДРУГИХ КЛАССИФИКАЦИЙ
Индекс О335.52-08я7"Mercedes-Benz"
700 #1 - ИМЯ ЛИЦА - ПЕРВИЧНАЯ ОТВЕТСТВЕННОСТЬ
Код отношения Автор
Материалы, к которым относится поле rus
Графика поля Кириллица
Начальный элемент ввода Рэндл
Часть имени, кроме начального элемента ввода С.
Расширение инициалов личного имени Стив
Идентификатор авторитетной/нормативной записи RU\NLR\auth\77103640
Системный номер авторитетной/нормативной записи 86565
701 #1 - ИМЯ ЛИЦА - АЛЬТЕРНАТИВНАЯ ОТВЕТСТВЕННОСТЬ
Код отношения Автор
Материалы, к которым относится поле rus
Графика поля Кириллица
Начальный элемент ввода Дрейтон
Часть имени, кроме начального элемента ввода С.
Расширение инициалов личного имени Спенсер
Идентификатор авторитетной/нормативной записи RU\NLR\auth\77111975
Системный номер авторитетной/нормативной записи 94900
801 #0 - ИСТОЧНИК ЗАПИСИ
Страна российская федерация
Организация NLR
Дата составления 20001002
Правила каталогизации PSBO
801 #1 - ИСТОЧНИК ЗАПИСИ
Страна российская федерация
Организация NLR
Дата составления 20001002
852 ## - МЕСТОНАХОЖДЕНИЕ И ШИФР ХРАНЕНИЯ
Идентификатор организации NLR
Шифр хранения (Call Number) 2000-8/1474
942 ## - ДОПОЛНИТЕЛЬНЫЕ ЭЛЕМЕНТЫ ЗАПИСИ (АБИС)
Тип экземпляра АБИС Книга
980 ## - КОЛЛЕКЦИЯ
Название коллекции Национальная библиография
Экземпляры
Тип экземпляра Дата поступления Источник поступления Библиотека постоянного хранения Библиотека текущего хранения Место хранения Шифр хранения Штрих-код Статус не для выдачи
Книга 02.10.2000 Обязательный экземпляр РНБ (Московский) РНБ (Московский) Русский книжный фонд: издания с 1957 года, 8этаж 2000-8/1474 69668  
Книга 02.10.2000 Обязательный экземпляр РНБ (Московский) РНБ (Московский) Русский книжный фонд: издания с 1957 года, 8этаж 2000-8/1474 69669